Context sensitive decision support systems: IFIP TC8-WG8.3 International Conference on Context-Sensitive Decision Support Systems
Saved in:
| Main Authors: | , , , |
|---|---|
| Corporate Author: | |
| Format: | Book |
| Language: | English |
| Published: |
Londres
Chapman & Hall
1998
|
| Edition: | 1a. ed |
| Subjects: | |
| Tags: |
Add Tag
No Tags, Be the first to tag this record!
|
MARC
| LEADER | 00000nam a2200000 a 4500 | ||
|---|---|---|---|
| 001 | UCK5716 | ||
| 003 | CL-VaPUC | ||
| 005 | 20201223001438.0 | ||
| 008 | 050819e19980000uk 1 eng d | ||
| 020 | |a 0412837404 | ||
| 082 | 0 | 4 | |a 658.403 |b BER |2 21 |
| 100 | 1 | |a Berkeley, Dina |e author |9 620780 | |
| 700 | 1 | |a Widmeyer, George R |e author |9 620781 | |
| 700 | 1 | |a Brezillon, Patrick |e author |9 620782 | |
| 700 | 1 | |a Rajkovic, Vladislav |e author |9 620783 | |
| 110 | 2 | |a International Federation for Information Processing |e author |9 620784 | |
| 245 | 1 | 0 | |a Context sensitive decision support systems: IFIP TC8-WG8.3 International Conference on Context-Sensitive Decision Support Systems |
| 250 | |a 1a. ed | ||
| 260 | |a Londres |b Chapman & Hall |c 1998 | ||
| 300 | |a 265 p | ||
| 583 | |a last modification |c 20190826 09:27:07 |k Rodrigo Vera | ||
| 650 | 0 | 0 | |a Sistemas de información |9 260286 |
| 650 | 0 | 0 | |a Toma de decisiones |9 257530 |
| 650 | 0 | 0 | |a Planificación estratégica |9 259735 |
| 942 | |c BK | ||
| 945 | |a jcarroza |d 20050819 00:00:00 | ||
| 546 | |a En Inglés | ||
| 536 | |a International Federation for Information Processing | ||
| 518 | |p International Conference on Context-Sensitive Decision Support Systems, 1, Bled, 13 al 15 julio 1998 | ||
| 999 | |c 384156 |d 384154 | ||
| 952 | |0 0 |1 0 |4 0 |6 658_403000000000000_BER_1998 |7 0 |8 A |9 506654 |a BIBING |b BIBING |d 2020-01-23 |i 4155769 |o 658.403 BER 1998 |p 4155769 |r 2025-01-20 |w 2020-01-23 |y BK |k EII | ||